Drapeaux LGBT aléatoires - Statistiques

Statistiques générales
  • Ce quiz a été pris 519 fois
    511 depuis la dernière actualisation
  • Le résultat moyen est 5 sur 12
Statistiques - réponses
Par images Réponse % Correct
Lesbienne
100%
Gay
94%
Bisexuel
89%
Pansexuel
89%
Transgenre
89%
Asexuel
83%
Intersexe
72%
Non-binaire
70%
Agenre
67%
Demiboy
67%
Aromantique
62%
Demigirl
62%
Genderfluid
52%
Aroace
51%
Polyamoureux
50%
Panromantique
43%
Omnisexuel
42%
Queer
35%
Maverique
31%
Polysexuel
31%
Trigenre
31%
Abrosexuel
30%
Demiromantique
29%
Pangenre
24%
Sapphique
24%
Achilléen
20%
Bigenre
18%
Xenogenre
18%
Genderqueer
17%
Androgyne
16%
Transmasculine
12%
Greysexuel
11%
Aegoromantique
9%
Neutrois
7%
Paraboy
7%
Aroflux
6%
Genderflux
6%
Aceflux
5%
Cassgenre
4%
Librafeminine
4%
Multisexuel
4%
Fraysexuel
2%
Quoisexuel
0%
Spectre asexuel
0%
Aucun quiz correspondant
Distribution des résultats
% des personnes avec chaque résultat
Percentile par nombre de réponses
Votre historique - résultats
Vous n’avez pas pris ce quiz depuis la dernière actualisation